| 000 | 00576cam a2200193 a 4500 | ||
|---|---|---|---|
| 001 | 000008086 | ||
| 005 | 20200929154428.0 | ||
| 008 | 800910s1965 mx 000 1 spa | ||
| 040 |
_aDO-SdBNP _bspa _cBNPHU |
||
| 082 |
_aM863.44 _bL486e |
||
| 100 | 1 |
_aLeñero, Vicente. _921991 |
|
| 245 | 1 | 0 |
_aEstudio Q / _cVicente Leñero. |
| 260 |
_aMéxico, D. F. : _bJoaquín Mortiz, _c1965. |
||
| 300 |
_a301 p. ; _c20 cm. |
||
| 490 | 1 | _aNovelistas Contemporáneos | |
| 650 | 4 |
_aNovela mexicana _93959 |
|
| 650 | 4 |
_aLiteratura mexicana _91922 |
|
| 830 | 0 |
_aNovelistas Contemporáneos _911918 |
|
| 999 |
_c7863 _d7863 |
||